[Event "GER-chT U20 Girls"]
[Site "Magdeburg"]
[Date "2023.12.29"]
[Round "5.7"]
[White "Berndt, Christiane"]
[Black "Kaempf, Laura"]
[Result "1-0"]
[WhiteElo "1297"]
[BlackElo "1230"]
[PlyCount "101"]
[EventDate "2023.12.26"]
[EventType "team-swiss"]
[EventRounds "7"]
[EventCountry "GER"]
[SourceTitle "CB03_2024"]
[SourceDate "2024.01.17"]
[SourceVersion "1"]
[SourceVersionDate "2024.01.17"]
[SourceQuality "1"]
[WhiteTeam "Annaberg Buchholz"]
[BlackTeam "Erkenschwick"]
[WhiteTeamCountry "GER"]
[BlackTeamCountry "GER"]

1. e4 d6 2. d4 g6 3. Nf3 Bg7 4. Bc4 Nd7 5. 0-0 c5 6. Be3 Qb6 7. Nc3 Ngf6 8. e5 dxe5 9. dxc5 Qxb2 10. Nb5 Qb4 11. Nc7+ Kf8 12. Bxf7 Kxf7 13. Nxa8 h6 14. Nc7 Qe4 15. Nb5 Ng4 16. Nc3 Qc4 17. Qd5+ Qxd5 18. Nxd5 e4 19. Nd4 Nxc5 20. c3 Rd8 21. Nb4 a5 22. Nbc2 Ke8 23. h3 Nf6 24. Rad1 Nd5 25. Nb5 Nd3 26. Bd4 Bd7 27. c4 e5 28. Nd6+ Ke7 29. Nxb7 Rb8 30. Bc5+ Kf6 31. cxd5 Rxb7 32. Be3 Bb5 33. Rb1 Nb4 34. Rfc1 Nxa2 35. Re1 Nc3 36. Rb3 Nxd5 37. Reb1 Nc7 38. Na3 a4 39. Rb4 Bf8 40. Rxb5 Nxb5 41. Rxb5 Rxb5 42. Nxb5 a3 43. Nc3 a2 44. Nxa2 g5 45. Nc3 Be7 46. Nxe4+ Kf5 47. f3 h5 48. g4+ hxg4 49. hxg4+ Kg6 50. Kf2 Bf6 51. Ke2 1-0

[Event "GER-chT U20 Girls"]
[Site "Magdeburg"]
[Date "2023.12.28"]
[Round "4.8"]
[White "Ignatova, Gabriela"]
[Black "Berndt, Christiane"]
[Result "0-1"]
[WhiteElo "1202"]
[BlackElo "1297"]
[PlyCount "88"]
[EventDate "2023.12.26"]
[EventType "team-swiss"]
[EventRounds "7"]
[EventCountry "GER"]
[SourceTitle "CB03_2024"]
[SourceDate "2024.01.17"]
[SourceVersion "1"]
[SourceVersionDate "2024.01.17"]
[SourceQuality "1"]
[WhiteTeam "Meuselwitz"]
[BlackTeam "Annaberg Buchholz"]
[WhiteTeamCountry "GER"]
[BlackTeamCountry "GER"]

1. e4 e5 2. Nf3 Nc6 3. Bc4 Bc5 4. d4 exd4 5. Ng5 Nh6 6. Nxf7 Nxf7 7. Bxf7+ Kf8 8. 0-0 d6 9. Bb3 Ne5 10. Bf4 Qf6 11. Bg3 Ke7 12. Nd2 Bd7 13. Kh1 Raf8 14. f4 Ng4 15. Nf3 Ke8 16. Qd3 Ne3 17. Rf2 h6 18. e5 dxe5 19. Nxe5 Nf5 20. Nxd7 Kxd7 21. Qb5+ Qc6 22. Qxc6+ Kxc6 23. Rc1 g5 24. fxg5 Nxg3+ 25. hxg3 Rxf2 26. g6 Bf8 27. Rd1 Bg7 28. Re1 Kd7 29. Be6+ Kd6 30. Bb3 Rhf8 31. Kg1 R2f6 32. Bf7 R6xf7 33. gxf7 Rxf7 34. b3 c5 35. Re4 Be5 36. Rh4 Rf6 37. g4 b5 38. Rh5 Bf4 39. Kf1 Bg5+ 40. Ke2 Rf4 41. g3 Re4+ 42. Kf3 Re3+ 43. Kf2 Rc3 44. Ke2 Rxc2+ 0-1

[Event "GER-chT U14 Girls"]
[Site "Duesseldorf"]
[Date "2016.12.29"]
[Round "5.3"]
[White "Berndt, Christiane"]
[Black "Jacoby, Angelina"]
[Result "0-1"]
[WhiteElo "1153"]
[BlackElo "1328"]
[PlyCount "70"]
[EventDate "2016.12.27"]
[EventType "team-swiss"]
[EventRounds "7"]
[EventCountry "GER"]
[SourceTitle "EXT 2018"]
[Source "ChessBase"]
[SourceDate "2017.10.13"]
[SourceVersion "1"]
[SourceVersionDate "2017.10.13"]
[SourceQuality "1"]
[WhiteTeam "Annaberg Buchholz"]
[BlackTeam "Berlin Eintracht"]
[WhiteTeamCountry "GER"]
[BlackTeamCountry "GER"]

1. e4 d5 2. exd5 Nf6 3. Bc4 Nxd5 4. Bxd5 Qxd5 5. Nf3 Qe4+ 6. Kf1 Bf5 7. d3 Qd5 8. Nc3 Qd8 9. Bf4 e6 10. Ke2 Bd6 11. Bxd6 cxd6 12. Re1 0-0 13. Kf1 Nc6 14. Kg1 Bg4 15. h3 Bh5 16. Ne4 Nd4 17. Ned2 g5 18. c3 Nf5 19. Qc1 g4 20. hxg4 Bxg4 21. Nh2 Bh5 22. Ne4 Bg6 23. Ng4 Kh8 24. Ne3 d5 25. Nc5 b6 26. Nb3 Qh4 27. Re2 Rg8 28. Qd2 Bh5 29. Ree1 Bf3 30. Rac1 Nxe3 31. fxe3 Rxg2+ 32. Qxg2 Bxg2 33. Kxg2 Rg8+ 34. Kf3 Qg4+ 35. Kf2 Qg2# 0-1

[Event "GER-chT U14 Girls"]
[Site "Duesseldorf"]
[Date "2016.12.27"]
[Round "1.3"]
[White "Buente, Kirsten"]
[Black "Berndt, Christiane"]
[Result "0-1"]
[WhiteElo "1460"]
[BlackElo "1153"]
[PlyCount "88"]
[EventDate "2016.12.27"]
[EventType "team-swiss"]
[EventRounds "7"]
[EventCountry "GER"]
[SourceTitle "EXT 2018"]
[Source "ChessBase"]
[SourceDate "2017.10.13"]
[SourceVersion "1"]
[SourceVersionDate "2017.10.13"]
[SourceQuality "1"]
[WhiteTeam "Brackel"]
[BlackTeam "Annaberg Buchholz"]
[WhiteTeamCountry "GER"]
[BlackTeamCountry "GER"]

1. d4 d5 2. c4 e6 3. Nc3 Nf6 4. Bg5 Be7 5. e3 0-0 6. Nf3 Nc6 7. Bd3 h6 8. Bf4 Re8 9. 0-0 Bd6 10. Bxd6 cxd6 11. cxd5 exd5 12. Qb3 Qd7 13. Nxd5 Nxd5 14. Qxd5 Nb4 15. Qc4 Nxd3 16. Qxd3 Qg4 17. Ne1 Bf5 18. Qd2 Rac8 19. Rc1 Rxc1 20. Qxc1 Qg6 21. f3 Bh3 22. Kh1 Bd7 23. Rf2 Qh5 24. Nd3 Qg5 25. Re2 Re6 26. Qd2 Bb5 27. Nf4 Rf6 28. Re1 Bc4 29. b3 Ba6 30. Rc1 b6 31. Rc7 Qb5 32. Qc1 d5 33. Rc3 Rd6 34. Nd3 Qa5 35. a4 Bxd3 36. Rxd3 Rc6 37. Qb1 Rc2 38. h3 Re2 39. Kh2 b5 40. axb5 Qc7+ 41. Kh1 Qg3 42. Qg1 Re1 43. Rd1 Rxg1+ 44. Rxg1 Qf2 0-1

[Event "Sachsen-ch U10 Girls"]
[Site "Sebnitz"]
[Date "2013.04.06"]
[Round "7"]
[White "Berndt, Christiane"]
[Black "Adam, Lisamarie"]
[Result "0-1"]
[WhiteElo "976"]
[BlackElo "865"]
[PlyCount "78"]
[EventDate "2013.04.02"]
[EventType "swiss"]
[EventRounds "7"]
[EventCountry "GER"]
[SourceTitle "EXT 2014"]
[Source "ChessBase"]
[SourceDate "2013.11.20"]
[SourceVersion "1"]
[SourceVersionDate "2013.11.20"]
[SourceQuality "1"]

1. e4 e5 2. Nf3 Nc6 3. Bc4 Bc5 4. c3 Bb6 5. b4 Nf6 6. Qb3 0-0 7. d3 d6 8. 0-0 Bg4 9. Ng5 Bh5 10. Nd2 a5 11. Ndf3 h6 12. Bxf7+ Bxf7 13. Ne6 Qd7 14. Nxf8 Rxf8 15. Qd1 axb4 16. cxb4 Nxb4 17. Nh4 Nc6 18. Qf3 Ne8 19. Qg3 Ne7 20. a4 Bc5 21. a5 Bd4 22. a6 Bxa1 23. axb7 Qd8 24. Bxh6 Bc3 25. Nf5 Nxf5 26. exf5 e4 27. f6 Bxf6 28. dxe4 Be5 29. f3 Bxg3 30. hxg3 gxh6 31. Rb1 Qb8 32. f4 Bg6 33. e5 Bxb1 34. e6 Qxb7 35. e7 Rf7 36. f5 Bxf5 37. Kh2 Rxe7 38. g4 Bxg4 39. Kg3 Bf5 0-1

[Event "Sachsen-ch U10 Girls"]
[Site "Sebnitz"]
[Date "2013.04.04"]
[Round "4"]
[White "Gutmann, Anna"]
[Black "Berndt, Christiane"]
[Result "1-0"]
[WhiteElo "814"]
[BlackElo "976"]
[PlyCount "49"]
[EventDate "2013.04.02"]
[EventType "swiss"]
[EventRounds "7"]
[EventCountry "GER"]
[SourceTitle "EXT 2014"]
[Source "ChessBase"]
[SourceDate "2013.11.20"]
[SourceVersion "1"]
[SourceVersionDate "2013.11.20"]
[SourceQuality "1"]

1. e4 e5 2. Nf3 Nc6 3. d4 Qe7 4. d5 Nb8 5. Be3 d6 6. Be2 c6 7. 0-0 cxd5 8. Qxd5 Nf6 9. Qb5+ Nc6 10. Nc3 Qe6 11. Nd5 a6 12. Nc7+ Ke7 13. Qb6 Qg4 14. Nxa8 Qxe4 15. Qc7+ Bd7 16. Rac1 Ke8 17. Nd2 Qg6 18. g3 Ne4 19. Nb6 Bh3 20. Ndc4 d5 21. Nxe5 Nxe5 22. Qxe5+ Be7 23. Nxd5 Kd7 24. Qxe7+ Kc8 25. Qc7# 1-0

[Event "Sachsen-ch U10 Girls"]
[Site "Sebnitz"]
[Date "2013.04.02"]
[Round "1"]
[White "Berndt, Christiane"]
[Black "Schubert, Arlene"]
[Result "0-1"]
[WhiteElo "976"]
[BlackElo "817"]
[PlyCount "74"]
[EventDate "2013.04.02"]
[EventType "swiss"]
[EventRounds "7"]
[EventCountry "GER"]
[SourceTitle "EXT 2014"]
[Source "ChessBase"]
[SourceDate "2013.11.20"]
[SourceVersion "1"]
[SourceVersionDate "2013.11.20"]
[SourceQuality "1"]

1. e4 e5 2. Nf3 Nc6 3. Bc4 Bc5 4. c3 Nf6 5. b4 d5 6. exd5 Nxd5 7. bxc5 a6 8. Nxe5 Nxe5 9. 0-0 Nxc4 10. Qe2+ Be6 11. Qxc4 Nf6 12. Qa4+ c6 13. d4 Ne4 14. Re1 Bf5 15. d5 Qxd5 16. Bg5 Qxc5 17. Nd2 Qxf2+ 18. Kh1 b5 19. Nxe4 bxa4 20. Nxf2+ Be6 21. Ne4 0-0 22. Re3 Bd5 23. Rae1 Bxa2 24. Rg3 Rfd8 25. Bh6 g6 26. Nf6+ Kh8 27. Rge3 Be6 28. Re4 a3 29. Rh4 Rab8 30. Bf8 h5 31. Be7 Rd2 32. Ra4 a2 33. Rb4 Rxb4 34. Bxb4 Rb2 35. Ba3 Rb1 36. Bc1 Rxc1 37. c4 Rxe1# 0-1